<?xml version="1.0" encoding="UTF-8"?>
<record
    xmlns:xsi="http://www.w3.org/2001/XMLSchema-instance"
    xsi:schemaLocation="http://www.loc.gov/MARC21/slim http://www.loc.gov/standards/marcxml/schema/MARC21slim.xsd"
    xmlns="http://www.loc.gov/MARC21/slim">

  <leader>00874nam a2200265 u 4500</leader>
  <controlfield tag="001">000057961</controlfield>
  <controlfield tag="005">20200120223834.0</controlfield>
  <controlfield tag="008">130702s2009    ck a    r     000 0 spa d</controlfield>
  <datafield tag="020" ind1=" " ind2=" ">
    <subfield code="a">9789583029721</subfield>
  </datafield>
  <datafield tag="041" ind1="0" ind2=" ">
    <subfield code="a">*spa</subfield>
    <subfield code="h">ger</subfield>
  </datafield>
  <datafield tag="043" ind1=" " ind2=" ">
    <subfield code="a">s-ck---</subfield>
  </datafield>
  <datafield tag="090" ind1=" " ind2=" ">
    <subfield code="a">JN</subfield>
    <subfield code="b">VOLA</subfield>
  </datafield>
  <datafield tag="100" ind1="1" ind2=" ">
    <subfield code="a">Vollenbruch, Astrid</subfield>
  </datafield>
  <datafield tag="245" ind1="1" ind2="0">
    <subfield code="a">Fantasmas en la red /</subfield>
    <subfield code="c">Astrid Vollenbruch ; traducci&#xF3;n Juan Felipe Sarmiento Espinosa ; ilustraciones Andr&#xE9;s Rodr&#xED;guez Moreno.</subfield>
  </datafield>
  <datafield tag="250" ind1=" " ind2=" ">
    <subfield code="a">1a. ed.</subfield>
  </datafield>
  <datafield tag="260" ind1=" " ind2=" ">
    <subfield code="a">Bogot&#xE1; :</subfield>
    <subfield code="b">Panamericana,</subfield>
    <subfield code="c">2009.</subfield>
  </datafield>
  <datafield tag="300" ind1=" " ind2=" ">
    <subfield code="a">142 p. :</subfield>
    <subfield code="b">il.</subfield>
  </datafield>
  <datafield tag="490" ind1="0" ind2=" ">
    <subfield code="a">Literatura juvenil.</subfield>
    <subfield code="p">Los tres detectives</subfield>
  </datafield>
  <datafield tag="500" ind1=" " ind2=" ">
    <subfield code="a">T&#xED;tulo original : Spuk im netz</subfield>
  </datafield>
  <datafield tag="650" ind1="1" ind2="4">
    <subfield code="a">Novela juvenil alemana.</subfield>
  </datafield>
  <datafield tag="650" ind1="2" ind2="4">
    <subfield code="a">Novela polic&#xED;aca alemana</subfield>
  </datafield>
  <datafield tag="650" ind1="2" ind2="4">
    <subfield code="a">Fantasmas en la literatura</subfield>
  </datafield>
  <datafield tag="700" ind1="1" ind2=" ">
    <subfield code="a">Sarmiento Espinosa, Felipe,</subfield>
    <subfield code="e">tr.</subfield>
  </datafield>
  <datafield tag="700" ind1="1" ind2=" ">
    <subfield code="a">Rodr&#xED;guez Moreno, Andr&#xE9;s,</subfield>
    <subfield code="e">il.</subfield>
  </datafield>
  <datafield tag="999" ind1=" " ind2=" ">
    <subfield code="c">7219</subfield>
    <subfield code="d">7219</subfield>
  </datafield>
  <datafield tag="952" ind1=" " ind2=" ">
    <subfield code="0">0</subfield>
    <subfield code="1">0</subfield>
    <subfield code="2">ddc</subfield>
    <subfield code="4">0</subfield>
    <subfield code="7">0</subfield>
    <subfield code="8">LJ</subfield>
    <subfield code="a">BPMOS</subfield>
    <subfield code="b">BPMOS</subfield>
    <subfield code="d">2020-01-20</subfield>
    <subfield code="i">103924</subfield>
    <subfield code="l">2</subfield>
    <subfield code="o">JN VOLA</subfield>
    <subfield code="p">MOS012406</subfield>
    <subfield code="r">2025-09-25</subfield>
    <subfield code="s">2025-09-08</subfield>
    <subfield code="t">ej.2</subfield>
    <subfield code="w">2020-01-20</subfield>
    <subfield code="y">BKLIT</subfield>
    <subfield code="z">Quince d&#xED;as</subfield>
  </datafield>
  <datafield tag="952" ind1=" " ind2=" ">
    <subfield code="0">0</subfield>
    <subfield code="1">1</subfield>
    <subfield code="2">ddc</subfield>
    <subfield code="4">0</subfield>
    <subfield code="7">0</subfield>
    <subfield code="8">LJ</subfield>
    <subfield code="a">BPMOS</subfield>
    <subfield code="b">BPMOS</subfield>
    <subfield code="d">2020-01-20</subfield>
    <subfield code="i">103925</subfield>
    <subfield code="l">1</subfield>
    <subfield code="o">JN VOLA</subfield>
    <subfield code="p">MOS012407</subfield>
    <subfield code="r">2020-03-13</subfield>
    <subfield code="s">2020-03-13</subfield>
    <subfield code="t">ej.3</subfield>
    <subfield code="w">2020-01-20</subfield>
    <subfield code="y">BK</subfield>
    <subfield code="z">Quince d&#xED;as</subfield>
  </datafield>
</record>
